|
|
|
|
| LEADER |
00860aam a22002418a 4500 |
| 001 |
00028985 |
| 005 |
20171026081023.0 |
| 008 |
120427s2009 ||||||viesd |
| 020 |
|
|
|c 119000
|
| 041 |
0 |
# |
|a vie
|
| 082 |
1 |
# |
|b T104Q
|a 895.1
|
| 100 |
1 |
# |
|a La, Quán Trung
|
| 245 |
1 |
0 |
|a Tam quốc diễn nghĩa
|b (Hai tập)
|c La Quán Trung; Phan Kế Bình dịch
|n T.1
|
| 260 |
# |
# |
|a Tp.Hồ Chí Minh
|b Văn Hóa Sài Gòn
|c 2009.
|
| 300 |
# |
# |
|a 935tr.
|c 24cm.
|
| 650 |
# |
4 |
|a Văn học trung đại
|x Tiểu thuyết
|z Trung Quốc
|
| 653 |
# |
# |
|a Văn học Trung Quốc
|
| 700 |
1 |
# |
|a Phan, Kế Bình
|e dịch
|
| 852 |
# |
# |
|b Kho mượn
|j KM.0014046
|
| 852 |
# |
# |
|b Kho đọc
|j KD.0013452
|
| 852 |
# |
# |
|j KM.0014046
|j KD.0013452
|
| 910 |
|
|
|d 27/04/2012
|
| 980 |
# |
# |
|a Trung tâm Học liệu Lê Vũ Hùng, Trường Đại học Đồng Tháp
|